[Event "EU-ch 23rd"]
[Site "Vrnjacka Banja"]
[Date "2023.03.06"]
[Round "4"]
[White "Krunic, Dusan"]
[Black "Mandryka, Vladislav"]
[Result "0-1"]
[WhiteElo "2116"]
[BlackElo "1465"]
[PlyCount "82"]
[EventDate "2023.03.03"]
[EventType "swiss"]
[EventRounds "11"]
[EventCountry "SRB"]
[SourceTitle "CBM 213"]
[Source "ChessBase"]
[SourceDate "2023.04.30"]
[SourceVersion "1"]
[SourceVersionDate "2023.04.30"]
[SourceQuality "1"]

1. Nc3 g6 2. h4 Nf6 3. e4 d6 4. Be2 h5 5. d4 c6 6. Nh3 Bg7 7. Be3 Qb6 8. Qd2 Qxb2 9. 0-0 Qb4 10. a4 Qa5 11. Bc4 Bxh3 12. gxh3 Nbd7 13. Rab1 Qc7 14. f4 d5 15. exd5 Nb6 16. Qd3 cxd5 17. Bb3 0-0 18. Ne2 e6 19. Bd2 Nc4 20. Be1 Nd6 21. Kg2 Nf5 22. c3 a6 23. Bc2 Rac8 24. Qf3 Nd6 25. Nc1 Nfe4 26. Rb3 Bxd4 27. Bxe4 dxe4 28. Qd1 Bg7 29. Ne2 Nf5 30. Bf2 e3 31. Be1 Rfd8 32. Qb1 Qc4 33. Ng1 Rd7 34. Rb4 Qc6+ 35. Kh2 e5 36. Ne2 Rcd8 37. Qe4 Qxe4 38. Rxe4 Rd2 39. Bxd2 Rxd2 40. fxe5 Rxe2+ 41. Kg1 Ng3 0-1

[Event "Belgrade-chT"]
[Site "Belgrade"]
[Date "2020.10.13"]
[Round "9.5"]
[White "Krunic, Dusan"]
[Black "Radojicic, Aleksandar M"]
[Result "1-0"]
[WhiteElo "2152"]
[BlackElo "2010"]
[PlyCount "63"]
[EventDate "2020.10.04"]
[EventType "team-tourn"]
[EventRounds "9"]
[EventCountry "SRB"]
[SourceTitle "EXT 2022"]
[Source "ChessBase"]
[SourceDate "2021.10.06"]
[SourceVersion "1"]
[SourceVersionDate "2021.10.06"]
[SourceQuality "1"]
[WhiteTeam "Politika"]
[BlackTeam "Grocka Pobednik"]
[WhiteTeamCountry "SRB"]
[BlackTeamCountry "SRB"]

1. c4 c5 2. Nf3 Nf6 3. g3 b6 4. Bg2 Bb7 5. 0-0 g6 6. e3 Bg7 7. d4 d6 8. Nc3 cxd4 9. exd4 Nbd7 10. Re1 0-0 11. b3 Rc8 12. Ba3 a6 13. Rc1 Re8 14. d5 b5 15. cxb5 axb5 16. Bb4 Qb6 17. Qd2 Ng4 18. Ne4 Rxc1 19. Rxc1 Bh6 20. Nfg5 f6 21. Ba5 Qa7 22. Rc7 Nc5 23. Nxc5 dxc5 24. Qe1 Bxg5 25. d6 Ne5 26. Rxb7 Qa6 27. d7 Nxd7 28. Rxd7 b4 29. h4 Bh6 30. Rxe7 Rxe7 31. Qxe7 Bf8 32. Bd5+ 1-0

[Event "Belgrade-chT"]
[Site "Belgrade"]
[Date "2020.10.12"]
[Round "8.5"]
[White "Petric, Borislav"]
[Black "Krunic, Dusan"]
[Result "1/2-1/2"]
[WhiteElo "2130"]
[BlackElo "2152"]
[PlyCount "69"]
[EventDate "2020.10.04"]
[EventType "team-tourn"]
[EventRounds "9"]
[EventCountry "SRB"]
[SourceTitle "EXT 2022"]
[Source "ChessBase"]
[SourceDate "2021.10.06"]
[SourceVersion "1"]
[SourceVersionDate "2021.10.06"]
[SourceQuality "1"]
[WhiteTeam "Mirjevo"]
[BlackTeam "Politika"]
[WhiteTeamCountry "SRB"]
[BlackTeamCountry "SRB"]

1. Nf3 d5 2. d4 Nf6 3. e3 c5 4. c4 e6 5. Be2 dxc4 6. 0-0 a6 7. a4 Nc6 8. Bxc4 Be7 9. Nc3 0-0 10. dxc5 Bxc5 11. Qe2 Qc7 12. e4 Ng4 13. g3 Nge5 14. Nxe5 Nxe5 15. Bf4 Bd4 16. Ba2 Bd7 17. Rfd1 Bxc3 18. bxc3 Bxa4 19. Rdc1 Bd7 20. Qh5 f6 21. Rd1 Rae8 22. Rac1 g6 23. Bxe5 fxe5 24. Qg4 Rf6 25. Rd2 Kg7 26. h4 h5 27. Qg5 Bc6 28. Rcd1 Ref8 29. Rd6 Qa5 30. Bxe6 Qxc3 31. Bf5 Rxd6 32. Rxd6 Qe1+ 33. Kh2 Qxf2+ 34. Kh3 Qf1+ 35. Kh2 1/2-1/2

[Event "Belgrade-chT Quality"]
[Site "Belgrade"]
[Date "2019.10.20"]
[Round "6.2"]
[White "Krunic, Dusan"]
[Black "Gvozdenovic, Milos"]
[Result "0-1"]
[WhiteElo "2161"]
[BlackElo "1742"]
[PlyCount "88"]
[EventDate "2019.10.05"]
[EventType "team-tourn"]
[EventRounds "11"]
[EventCountry "SRB"]
[SourceTitle "EXT 2022"]
[Source "ChessBase"]
[SourceDate "2021.10.06"]
[SourceVersion "1"]
[SourceVersionDate "2021.10.06"]
[SourceQuality "1"]
[WhiteTeam "Belgrade Politika"]
[BlackTeam "Delfin"]
[WhiteTeamCountry "SRB"]
[BlackTeamCountry "SRB"]

1. e4 e5 2. Nf3 Nc6 3. Bb5 Nf6 4. 0-0 Nxe4 5. d4 Nd6 6. dxe5 Nxb5 7. a4 Nbd4 8. Nxd4 Nxd4 9. Qxd4 d5 10. Nc3 c6 11. Qd3 g6 12. Ne2 Bg7 13. Qg3 0-0 14. Be3 Re8 15. f4 f6 16. f5 Bxf5 17. Rxf5 gxf5 18. Bh6 Qe7 19. Nd4 Kh8 20. Nxf5 Qc5+ 21. Be3 Qf8 22. Rf1 Rxe5 23. Bd4 Rxf5 24. Rxf5 Re8 25. h4 c5 26. Bc3 d4 27. Bd2 Re5 28. Qf3 Qe7 29. b3 h6 30. Qg4 Qe6 31. Rf4 Qxg4 32. Rxg4 Re2 33. Bf4 Rxc2 34. Rg3 a6 35. Kf1 b5 36. axb5 axb5 37. Ke1 c4 38. bxc4 bxc4 39. Kd1 d3 40. h5 Kh7 41. Bd2 f5 42. Re3 Ra2 43. Ke1 Ra1+ 44. Kf2 Bd4 0-1

[Event "Belgrade-chT Quality"]
[Site "Belgrade"]
[Date "2019.10.19"]
[Round "5.2"]
[White "Krunic, Dusan"]
[Black "Markovic, Vladimir"]
[Result "1-0"]
[WhiteElo "2161"]
[BlackElo "2142"]
[PlyCount "81"]
[EventDate "2019.10.05"]
[EventType "team-tourn"]
[EventRounds "11"]
[EventCountry "SRB"]
[SourceTitle "EXT 2022"]
[Source "ChessBase"]
[SourceDate "2021.10.06"]
[SourceVersion "1"]
[SourceVersionDate "2021.10.06"]
[SourceQuality "1"]
[WhiteTeam "Belgrade Politika"]
[BlackTeam "Borca"]
[WhiteTeamCountry "SRB"]
[BlackTeamCountry "SRB"]

1. e4 e6 2. d4 d5 3. Nd2 Nf6 4. e5 Nfd7 5. Bd3 c5 6. c3 Nc6 7. Ne2 cxd4 8. cxd4 f6 9. exf6 Nxf6 10. 0-0 Bd6 11. Nf3 0-0 12. Bf4 Bxf4 13. Nxf4 Ne4 14. Ne2 Rxf3 15. gxf3 Ng5 16. f4 Nf3+ 17. Kg2 Nh4+ 18. Kh1 Qf6 19. Rg1 Kh8 20. Rg3 Bd7 21. Qb3 Rb8 22. Rag1 g6 23. Rc1 Nf5 24. Bxf5 Qxf5 25. Qe3 Rf8 26. a3 Qf6 27. Rg5 Be8 28. Kg2 h6 29. Rg4 Kh7 30. b4 a6 31. Rg3 Rf7 32. h4 Bd7 33. h5 gxh5 34. Rh1 Qf5 35. Qf3 Rg7 36. Rxh5 Rxg3+ 37. Nxg3 Qg6 38. Qe3 Qg7 39. f5 e5 40. dxe5 Nxe5 41. f6 1-0

[Event "Belgrade-chT Quality"]
[Site "Belgrade"]
[Date "2019.10.05"]
[Round "1.2"]
[White "Krunic, Dusan"]
[Black "Popadic, Dragan B"]
[Result "1-0"]
[WhiteElo "2161"]
[BlackElo "2113"]
[PlyCount "79"]
[EventDate "2019.10.05"]
[EventType "team-tourn"]
[EventRounds "11"]
[EventCountry "SRB"]
[SourceTitle "EXT 2022"]
[Source "ChessBase"]
[SourceDate "2021.10.06"]
[SourceVersion "1"]
[SourceVersionDate "2021.10.06"]
[SourceQuality "1"]
[WhiteTeam "Belgrade Politika"]
[BlackTeam "NBSK"]
[WhiteTeamCountry "SRB"]
[BlackTeamCountry "SRB"]

1. e4 e5 2. Nf3 Nc6 3. Bb5 a6 4. Ba4 Nf6 5. 0-0 b5 6. Bb3 Bb7 7. d3 Bd6 8. a4 b4 9. a5 0-0 10. Nbd2 Re8 11. Nc4 Bc5 12. Ng5 d5 13. exd5 Nd4 14. Ba2 Bxd5 15. Be3 h6 16. Ne4 Nxe4 17. dxe4 Bxe4 18. c3 bxc3 19. bxc3 Ne6 20. Qg4 f5 21. Qg6 Bxe3 22. Nxe3 Qf6 23. Qxf6 gxf6 24. f3 Bd3 25. Rfd1 Rad8 26. Nd5 Rxd5 27. Bxd5 e4 28. Kf2 Kg7 29. Bxe6 Rxe6 30. fxe4 fxe4 31. Ke3 Re5 32. Rd2 Rc5 33. Ra3 Rb5 34. Rf2 Kg6 35. Kd4 c5+ 36. Kd5 e3 37. Rf3 e2 38. Ra1 c4+ 39. Kd4 Rxa5 40. Re1 1-0

[Event "EU-ch blitz"]
[Site "Skopje"]
[Date "2018.12.06"]
[Round "2"]
[White "Sebenik, Matej"]
[Black "Krunic, Dusan"]
[Result "0-1"]
[WhiteElo "2536"]
[BlackElo "2161"]
[PlyCount "70"]
[EventDate "2018.12.06"]
[EventType "swiss (blitz)"]
[EventRounds "22"]
[EventCountry "MKD"]
[SourceTitle "CBM 187 Extra"]
[Source "ChessBase"]
[SourceDate "2018.11.04"]
[SourceVersion "1"]
[SourceVersionDate "2018.11.04"]
[SourceQuality "1"]

1. Nf3 d5 2. c4 d4 3. g3 c5 4. Bg2 Nc6 5. d3 e5 6. 0-0 h6 7. e3 Nf6 8. exd4 exd4 9. Re1+ Be7 10. Bf4 0-0 11. Ne5 Nxe5 12. Bxe5 Bd6 13. Bxf6 Qxf6 14. Nd2 Bf5 15. Ne4 Qg6 16. Nxd6 Qxd6 17. Bxb7 Rab8 18. Qf3 Bxd3 19. Bd5 Bg6 20. b3 Rfe8 21. h4 Re5 22. g4 h5 23. Qg3 Rbe8 24. Rxe5 Qxe5 25. Qxe5 Rxe5 26. g5 Kf8 27. a3 Bc2 28. b4 d3 29. Bf3 d2 30. Kg2 Re1 31. Ra2 d1Q 32. Bxd1 Bxd1 33. bxc5 Bb3 34. Rb2 Bxc4 35. Rb7 Bd5+ 0-1

[Event "Belgrade-chTB Quality"]
[Site "Belgrade"]
[Date "2018.10.13"]
[Round "5.2"]
[White "Veljkovic, Dragoljub"]
[Black "Krunic, Dusan"]
[Result "0-1"]
[WhiteElo "2120"]
[BlackElo "2125"]
[PlyCount "100"]
[EventDate "2018.09.29"]
[EventType "team-tourn"]
[EventRounds "11"]
[EventCountry "SRB"]
[SourceTitle "CBM 187 Extra"]
[Source "ChessBase"]
[SourceDate "2018.11.04"]
[SourceVersion "1"]
[SourceVersionDate "2018.11.04"]
[SourceQuality "1"]
[WhiteTeam "Nis Jugopetrol"]
[BlackTeam "Belgrade Politika"]
[WhiteTeamCountry "SRB"]
[BlackTeamCountry "SRB"]

1. d4 d5 2. Nf3 Nf6 3. e3 e6 4. Bd3 a6 5. 0-0 c5 6. b3 Nc6 7. Bb2 b5 8. c4 bxc4 9. bxc4 dxc4 10. Bxc4 Rb8 11. Bc3 Nd5 12. Be1 Be7 13. Ne5 Nxe5 14. dxe5 0-0 15. Nc3 Nb6 16. Bd3 Qc7 17. f4 Bb7 18. Qc2 h6 19. Bg3 c4 20. Be4 Bc5 21. Bf2 Bb4 22. Bxb7 Bxc3 23. Qxc3 Qxb7 24. Rad1 Na4 25. Qa3 Qb4 26. Qxb4 Rxb4 27. Rd4 Rc8 28. Rc1 Rb2 29. Be1 Nb6 30. a3 Nd5 31. Rdxc4 Rxc4 32. Rxc4 Rxg2+ 33. Kh1 Re2 34. Bg3 Rxe3 35. Ra4 Re2 36. Kg1 Ra2 37. Rxa6 Kh7 38. Ra7 Kg6 39. h3 h5 40. Ra4 Nc3 41. Ra7 Nb5 42. Ra5 Rxa3 43. Rxa3 Nxa3 44. Kf2 Kf5 45. Kf3 Nc4 46. Be1 Nb6 47. Bd2 Nc4 48. Bb4 g5 49. fxg5 Nxe5+ 50. Kg3 Kxg5 0-1

[Event "Belgrade-chTB Quality"]
[Site "Belgrade"]
[Date "2018.10.07"]
[Round "4.2"]
[White "Krunic, Dusan"]
[Black "Stefanovic, Ognjen"]
[Result "1-0"]
[WhiteElo "2125"]
[BlackElo "2067"]
[PlyCount "87"]
[EventDate "2018.09.29"]
[EventType "team-tourn"]
[EventRounds "11"]
[EventCountry "SRB"]
[SourceTitle "CBM 187 Extra"]
[Source "ChessBase"]
[SourceDate "2018.11.04"]
[SourceVersion "1"]
[SourceVersionDate "2018.11.04"]
[SourceQuality "1"]
[WhiteTeam "Belgrade Politika"]
[BlackTeam "Belgrade NB"]
[WhiteTeamCountry "SRB"]
[BlackTeamCountry "SRB"]

1. e4 c5 2. Nf3 e6 3. d4 cxd4 4. Nxd4 Nc6 5. Nc3 Qc7 6. Be3 a6 7. Be2 Nf6 8. 0-0 Bb4 9. Na4 0-0 10. Nxc6 bxc6 11. f4 Rb8 12. Bf3 d5 13. e5 Nd7 14. c4 Be7 15. Rc1 Qa5 16. a3 Nc5 17. cxd5 Nxa4 18. b4 Nb2 19. Qb3 cxd5 20. Qxb2 Bd7 21. Rf2 Qa4 22. Bd1 Qb5 23. Rfc2 a5 24. Rc7 Rfd8 25. Be2 Qa4 26. Ra7 Ra8 27. Rcc7 Rxa7 28. Rxa7 Rb8 29. Qc1 Rc8 30. Qd2 Qc6 31. b5 Qc3 32. Qxc3 Rxc3 33. Rxd7 Rxe3 34. Kf2 Rxa3 35. Rxe7 Kf8 36. Ra7 Ke8 37. b6 Rb3 38. b7 Kd8 39. Ra8+ Kc7 40. Ba6 Rb2+ 41. Ke1 Rb1+ 42. Kd2 Rb2+ 43. Kc1 Rb6 44. Rc8+ 1-0

[Event "Belgrade-chTB Quality"]
[Site "Belgrade"]
[Date "2018.10.06"]
[Round "3.2"]
[White "Kostic, Milutin B"]
[Black "Krunic, Dusan"]
[Result "0-1"]
[WhiteElo "2233"]
[BlackElo "2125"]
[PlyCount "72"]
[EventDate "2018.09.29"]
[EventType "team-tourn"]
[EventRounds "11"]
[EventCountry "SRB"]
[SourceTitle "CBM 187 Extra"]
[Source "ChessBase"]
[SourceDate "2018.11.04"]
[SourceVersion "1"]
[SourceVersionDate "2018.11.04"]
[SourceQuality "1"]
[WhiteTeam "Belgrade Romanticari"]
[BlackTeam "Belgrade Politika"]
[WhiteTeamCountry "SRB"]
[BlackTeamCountry "SRB"]

1. d4 d5 2. Nf3 Nf6 3. c4 e6 4. g3 Be7 5. Bg2 0-0 6. 0-0 dxc4 7. Ne5 Nc6 8. Nxc6 bxc6 9. e3 Rb8 10. Qc2 Ba6 11. Rd1 Qc8 12. Nd2 c5 13. dxc5 Rd8 14. b4 c3 15. Nb3 Rxd1+ 16. Qxd1 Rxb4 17. Bc6 Bc4 18. Qc2 Qa6 19. Qxc3 Rb8 20. Bf3 Nd5 21. Qa5 Qxa5 22. Nxa5 Bf6 23. Nc6 Rb5 24. Nd4 Rxc5 25. Rb1 h6 26. a3 Bd3 27. Rb8+ Kh7 28. Bb2 Nb6 29. h4 Rc4 30. a4 Nxa4 31. Ba3 Nb6 32. Rb7 a6 33. Nc6 Nd5 34. Nd4 Nc3 35. Bb2 Bxd4 36. exd4 Nb5 0-1

[Event "SRB-ch sf"]
[Site "Zrenjanin"]
[Date "2018.02.19"]
[Round "6"]
[White "Pavlasevic, Dragisa"]
[Black "Krunic, Dusan"]
[Result "0-1"]
[WhiteElo "1862"]
[BlackElo "2147"]
[PlyCount "128"]
[EventDate "2018.02.16"]
[EventType "swiss"]
[EventRounds "9"]
[EventCountry "SRB"]
[SourceTitle "CBM 183 Extra"]
[Source "ChessBase"]
[SourceDate "2018.04.19"]
[SourceVersion "1"]
[SourceVersionDate "2018.04.19"]
[SourceQuality "1"]

1. e4 d5 2. exd5 Nf6 3. d4 Nxd5 4. Nf3 g6 5. Be2 Bg7 6. 0-0 0-0 7. h3 Nc6 8. c3 e5 9. dxe5 Nxe5 10. Nd4 c5 11. Nc2 g5 12. Bxg5 Qxg5 13. Qxd5 Be6 14. Qd2 Qg6 15. Kh1 Rad8 16. Qc1 Nd3 17. Bxd3 Rxd3 18. Ne3 Rfd8 19. Rd1 Bh6 20. Rxd3 Rxd3 21. Nd2 Bxe3 22. fxe3 Rxe3 23. Nf1 Rxh3+ 24. Kg1 Bd5 25. Qd2 Rd3 26. Qf2 Rf3 27. Qd2 Bc6 28. Re1 Rd3 29. Qf2 Rd5 30. Ne3 Rg5 31. c4 Be4 32. Qd2 Qf6 33. Nd5 Bxd5 34. Re8+ Kg7 35. cxd5 Qd4+ 36. Qxd4+ cxd4 37. Kf2 d3 38. Ke3 Rg3+ 39. Kd2 Rxg2+ 40. Kxd3 Rxb2 41. Kc3 Rb6 42. Kc4 Kf6 43. Kc5 Rb2 44. a4 Rc2+ 45. Kd6 Rc4 46. Kd7 Rxa4 47. d6 h5 48. Kd8 Rd4 49. Kc7 b5 50. d7 h4 51. d8Q+ Rxd8 52. Rxd8 Kg5 53. Rg8+ Kf4 54. Rg7 f5 55. Kd6 b4 56. Rxa7 h3 57. Rb7 Kg3 58. Ke5 h2 59. Rg7+ Kf2 60. Rh7 Kg2 61. Kxf5 b3 62. Rg7+ Kf3 63. Rh7 b2 64. Rh3+ Kg2 0-1

[Event "Belgrade-chT"]
[Site "Belgrade"]
[Date "2016.10.16"]
[Round "8.2"]
[White "Krunic, Dusan"]
[Black "Savic, Mihailo S"]
[Result "1-0"]
[WhiteElo "2115"]
[BlackElo "2067"]
[PlyCount "75"]
[EventDate "2016.10.08"]
[EventType "team-tourn"]
[EventRounds "13"]
[EventCountry "SRB"]
[SourceTitle "CBM 175 Extra"]
[Source "ChessBase"]
[SourceDate "2016.12.12"]
[SourceVersion "1"]
[SourceVersionDate "2016.12.12"]
[SourceQuality "1"]
[WhiteTeam "Politika"]
[BlackTeam "Belgrade"]
[WhiteTeamCountry "SRB"]
[BlackTeamCountry "SRB"]

1. e4 e6 2. d4 d5 3. Nd2 Nf6 4. e5 Nfd7 5. Bd3 c5 6. c3 Nc6 7. Ne2 cxd4 8. cxd4 f6 9. Nf4 Nxd4 10. Qh5+ Ke7 11. Ng6+ hxg6 12. exf6+ Nxf6 13. Qxh8 Kf7 14. 0-0 e5 15. Nb3 Nxb3 16. axb3 Qb6 17. Bxg6+ Kxg6 18. Qxf8 a5 19. b4 a4 20. Ra3 Qc7 21. Rc3 Qd7 22. Rg3+ Kh7 23. Bh6 Ng4 24. Bd2 Qf5 25. Rh3+ Nh6 26. Qe7 Ra6 27. b5 Re6 28. Rxh6+ Rxh6 29. Bxh6 Kxh6 30. Re1 e4 31. Rc1 b6 32. Rc6+ Kh7 33. Qh4+ Kg8 34. Qd8+ Kh7 35. Rxc8 e3 36. Qh4+ Kg6 37. Qg3+ Kf7 38. Rc7+ 1-0

[Event "Thessaloniki Vardaris op 2nd"]
[Site "Thessaloniki"]
[Date "2016.03.10"]
[Round "1"]
[White "Krunic, Dusan"]
[Black "Alexiadis, Hristos"]
[Result "1-0"]
[WhiteElo "2123"]
[BlackElo "2288"]
[PlyCount "49"]
[EventDate "2016.03.10"]
[EventType "swiss"]
[EventRounds "7"]
[EventCountry "GRE"]
[SourceTitle "CBM 171 Extra"]
[Source "ChessBase"]
[SourceDate "2016.04.26"]
[SourceVersion "1"]
[SourceVersionDate "2016.04.26"]
[SourceQuality "1"]

1. e4 c5 2. Nf3 d6 3. Nc3 a6 4. d4 cxd4 5. Nxd4 Nf6 6. f4 Nc6 7. Nxc6 bxc6 8. e5 dxe5 9. Qxd8+ Kxd8 10. fxe5 Ng4 11. Bf4 Be6 12. h3 g5 13. Bxg5 Nxe5 14. 0-0-0+ Ke8 15. Na4 Nd7 16. Be2 f6 17. Bh5+ Kd8 18. Bf4 Rg8 19. Rhe1 Bf5 20. g4 e5 21. gxf5 exf4 22. Re8+ Kc7 23. Rxa8 Ne5 24. Ra7+ Kc8 25. Be2 1-0

[Event "Belgrade-chT"]
[Site "Belgrade"]
[Date "2015.09.21"]
[Round "1.5"]
[White "Sarenac, David"]
[Black "Krunic, Dusan"]
[Result "1-0"]
[WhiteElo "2306"]
[BlackElo "2143"]
[PlyCount "120"]
[EventDate "2015.09.21"]
[EventType "team-tourn"]
[EventRounds "9"]
[EventCountry "SRB"]
[SourceTitle "CBM 168 Extra"]
[Source "ChessBase"]
[SourceDate "2015.10.29"]
[SourceVersion "1"]
[SourceVersionDate "2015.10.29"]
[SourceQuality "1"]
[WhiteTeam "Belgrade Sigurnost"]
[BlackTeam "Politika"]
[WhiteTeamCountry "SRB"]
[BlackTeamCountry "SRB"]

1. e4 e6 2. d4 d5 3. Nc3 Nf6 4. Bd3 c5 5. exd5 exd5 6. Nf3 c4 7. Be2 h6 8. 0-0 Nc6 9. Re1 Be7 10. b3 cxb3 11. axb3 0-0 12. Ne5 Bb4 13. Nxc6 bxc6 14. Bd2 Bf5 15. Ne4 a5 16. Bxb4 axb4 17. Rxa8 Qxa8 18. Nxf6+ gxf6 19. Qd2 Re8 20. Rf1 Kg7 21. g4 Bg6 22. Bd1 Qa6 23. Re1 Rxe1+ 24. Qxe1 Qa1 25. Qd2 Qc3 26. Qe3 Qa1 27. Qd2 Be4 28. f3 Bg6 29. Kf2 f5 30. h3 f4 31. Ke2 Qc3 32. Qxf4 Bxc2 33. Qd2 Bg6 34. Qe3 Qb2+ 35. Qd2 Qc3 36. Qe3 Qb2+ 37. Qd2 Qc3 38. Qe3 Qb2+ 39. Ke1 Qc3+ 40. Kf2 Qb2+ 41. Kg3 Qc3 42. Kf4 Qa1 43. Be2 Qh1 44. Ke5 Qe1 45. Kd6 Qc3 46. Qe5+ f6 47. Qf4 Qxb3 48. Ke7 Qa3 49. Qxf6+ Kh7 50. f4 b3+ 51. Ke6 b2 52. Bd3 Qxd3 53. Qe7+ Kg8 54. Qd8+ Kh7 55. Qc7+ Kg8 56. Qb8+ Kh7 57. Qa7+ Kg8 58. Kf6 Qxd4+ 59. Qxd4 b1Q 60. Qa7 Qb2+ 1-0

[Event "Thessaloniki Vardaris op 1st"]
[Site "Thessaloniki"]
[Date "2015.02.22"]
[Round "4"]
[White "Vassilev, Martin"]
[Black "Krunic, Dusan"]
[Result "1/2-1/2"]
[WhiteElo "1979"]
[BlackElo "2186"]
[PlyCount "139"]
[EventDate "2015.02.20"]
[EventType "swiss"]
[EventRounds "7"]
[EventCountry "GRE"]
[SourceTitle "CBM 165 Extra"]
[Source "ChessBase"]
[SourceDate "2015.04.21"]
[SourceVersion "1"]
[SourceVersionDate "2015.04.21"]
[SourceQuality "1"]

1. d4 d6 2. e4 g6 3. g3 Bg7 4. Bg2 Nc6 5. Ne2 e5 6. dxe5 Nxe5 7. f4 Nc6 8. 0-0 f5 9. exf5 Bxf5 10. c3 Nge7 11. Be3 Qd7 12. Re1 Bh3 13. Bh1 0-0-0 14. Nd4 Bg4 15. Qb3 Rhe8 16. Nd2 d5 17. Nxc6 Nxc6 18. Nf3 b6 19. Qa4 Na5 20. Qxd7+ Rxd7 21. Bd4 Bxd4+ 22. cxd4 Rxe1+ 23. Rxe1 Bxf3 24. Bxf3 Kd8 25. Re5 c6 26. b3 Nb7 27. Kf2 Nd6 28. Ke2 Rf7 29. Kd3 Rf6 30. Bg2 Nf7 31. Re2 h5 32. Bh3 h4 33. Re6 Rxe6 34. Bxe6 hxg3 35. hxg3 Nd6 36. Ke3 Ke7 37. Bh3 Kf6 38. b4 a5 39. bxa5 Nc4+ 40. Kd3 Nxa5 41. Bc8 Ke7 42. g4 Kd8 43. Be6 Ke7 44. Bc8 Nc4 45. g5 Nd6 46. Bg4 Ne4 47. Bf3 Ng3 48. Bg4 Kd6 49. Bf3 Nf5 50. Bg4 Ne7 51. Kc3 c5 52. a4 c4 53. Bh3 Kc6 54. Be6 Kb7 55. Bd7 Ka6 56. Kb4 Kb7 57. Kc3 Kb8 58. Bg4 Kc7 59. Bh3 Kc6 60. Be6 b5 61. axb5+ Kxb5 62. Bd7+ Kb6 63. Bg4 Kc7 64. Bh3 Kd6 65. Bg4 Nc6 66. f5 gxf5 67. Bxf5 Ke7 68. g6 Kf6 69. g7 Kxg7 70. Be6 1/2-1/2

[Event "Belgrade-chT"]
[Site "Belgrade"]
[Date "2014.09.28"]
[Round "9.6"]
[White "Krunic, Dusan"]
[Black "Antanaskovic, Predrag"]
[Result "1-0"]
[WhiteElo "2163"]
[BlackElo "2125"]
[PlyCount "73"]
[EventDate "2014.09.20"]
[EventType "team-tourn"]
[EventRounds "11"]
[EventCountry "SRB"]
[SourceTitle "CBM 162 Extra"]
[Source "ChessBase"]
[SourceDate "2014.10.17"]
[SourceVersion "1"]
[SourceVersionDate "2014.10.17"]
[SourceQuality "1"]
[WhiteTeam "Politika"]
[BlackTeam "Belgrade PTT"]
[WhiteTeamCountry "SRB"]
[BlackTeamCountry "SRB"]

1. e4 c6 2. d4 d5 3. e5 Bf5 4. Nf3 e6 5. Be2 c5 6. Be3 Qb6 7. Nc3 c4 8. Rb1 Bb4 9. Bd2 Nc6 10. a3 Bxc3 11. Bxc3 Nge7 12. b4 cxb3 13. Rxb3 Qc7 14. Qd2 0-0 15. 0-0 f6 16. a4 b6 17. Bb2 fxe5 18. dxe5 Na5 19. Rc3 Qb7 20. Ba3 Rac8 21. Rxc8 Rxc8 22. Nd4 Nac6 23. Nb5 Rd8 24. Nd6 Qc7 25. f4 Na5 26. Nb5 Qd7 27. Rd1 Rc8 28. Nd4 Be4 29. Bb5 Qb7 30. Qb4 Nec6 31. Qd6 Nxd4 32. Rxd4 Qf7 33. Bd7 Nb7 34. Qxe6 Rxc2 35. Qxf7+ Kxf7 36. e6+ Kf6 37. Rxe4 1-0

[Event "Belgrade-chT"]
[Site "Belgrade"]
[Date "2014.09.26"]
[Round "7.5"]
[White "Kocic, Sasa"]
[Black "Krunic, Dusan"]
[Result "1/2-1/2"]
[WhiteElo "2229"]
[BlackElo "2163"]
[PlyCount "25"]
[EventDate "2014.09.20"]
[EventType "team-tourn"]
[EventRounds "11"]
[EventCountry "SRB"]
[SourceTitle "CBM 162 Extra"]
[Source "ChessBase"]
[SourceDate "2014.10.17"]
[SourceVersion "1"]
[SourceVersionDate "2014.10.17"]
[SourceQuality "1"]
[WhiteTeam "Belgrade Sigurnost"]
[BlackTeam "Politika"]
[WhiteTeamCountry "SRB"]
[BlackTeamCountry "SRB"]

1. Nf3 d5 2. d4 Nf6 3. c4 c6 4. e3 Bg4 5. Qb3 Qc8 6. Ne5 Be6 7. Nc3 dxc4 8. Bxc4 Bxc4 9. Qxc4 e6 10. 0-0 Be7 11. e4 Nbd7 12. Bg5 Qc7 13. Nf3 1/2-1/2

[Event "Belgrade-chT"]
[Site "Belgrade"]
[Date "2014.09.25"]
[Round "6.3"]
[White "Krunic, Dusan"]
[Black "Jovic, Aleksandar"]
[Result "1-0"]
[WhiteElo "2163"]
[BlackElo "2396"]
[PlyCount "56"]
[EventDate "2014.09.20"]
[EventType "team-tourn"]
[EventRounds "11"]
[EventCountry "SRB"]
[SourceTitle "CBM 162 Extra"]
[Source "ChessBase"]
[SourceDate "2014.10.17"]
[SourceVersion "1"]
[SourceVersionDate "2014.10.17"]
[SourceQuality "1"]
[WhiteTeam "Politika"]
[BlackTeam "Belgrade Vodovod"]
[WhiteTeamCountry "SRB"]
[BlackTeamCountry "SRB"]

1. e4 e6 2. d4 d5 3. Nd2 c5 4. Ngf3 Nf6 5. exd5 exd5 6. Bb5+ Bd7 7. Bxd7+ Nbxd7 8. 0-0 Be7 9. dxc5 Nxc5 10. Nb3 Nfe4 11. Be3 0-0 12. Nxc5 Bxc5 13. Bxc5 Nxc5 14. Qd4 Ne6 15. Qb4 Qc7 16. c3 Rfd8 17. Rfd1 a5 18. Qb5 Qc6 19. a4 Qxb5 20. axb5 b6 21. Ne5 Nc7 22. Nc6 Re8 23. Rd2 Rac8 24. Nd4 Ra8 25. Kf1 a4 26. Nf5 g6 27. Nd6 Re5 28. Rd4 Nxb5 1-0

[Event "Belgrade City-chT"]
[Site "Belgrade"]
[Date "2013.11.14"]
[Round "10"]
[White "Krunic, Dusan"]
[Black "Dzunic, Vladimir"]
[Result "1/2-1/2"]
[WhiteElo "2189"]
[BlackElo "2014"]
[PlyCount "40"]
[EventDate "2013.10.26"]
[EventType "team-tourn"]
[EventRounds "11"]
[EventCountry "SRB"]
[SourceTitle "EXT 2015"]
[Source "ChessBase"]
[SourceDate "2014.11.20"]
[SourceVersion "1"]
[SourceVersionDate "2014.11.20"]
[SourceQuality "1"]

1. Nf3 d5 2. c4 e6 3. g3 Nf6 4. Bg2 Be7 5. 0-0 0-0 6. Qc2 dxc4 7. Na3 c5 8. Ne5 Nbd7 9. Naxc4 Qc7 10. Nxd7 Bxd7 11. d3 Nd5 12. Bd2 Rac8 13. a3 b5 14. Na5 Rb8 15. Rfc1 Rfc8 16. e4 Nf6 17. b4 Qd8 18. Qb2 cxb4 19. axb4 Rxc1+ 20. Rxc1 Rc8 1/2-1/2

[Event "Belgrade City-chT"]
[Site "Belgrade"]
[Date "2013.11.09"]
[Round "5"]
[White "Turan, Mihal"]
[Black "Krunic, Dusan"]
[Result "1-0"]
[WhiteElo "1924"]
[BlackElo "2189"]
[PlyCount "63"]
[EventDate "2013.10.26"]
[EventType "team-tourn"]
[EventRounds "11"]
[EventCountry "SRB"]
[SourceTitle "EXT 2015"]
[Source "ChessBase"]
[SourceDate "2014.11.20"]
[SourceVersion "1"]
[SourceVersionDate "2014.11.20"]
[SourceQuality "1"]

1. e4 c5 2. c3 Nf6 3. e5 Nd5 4. d4 cxd4 5. cxd4 d6 6. Nf3 Bf5 7. Bb5+ Nc6 8. Qb3 e6 9. Nc3 a6 10. Bxc6+ bxc6 11. Nxd5 cxd5 12. Bg5 Qb8 13. Qc3 Qb7 14. 0-0 Rc8 15. Qa5 dxe5 16. Rac1 f6 17. Rxc8+ Qxc8 18. Rc1 Qb7 19. Rc7 Qb5 20. Rc8+ Kf7 21. Qc7+ Kg6 22. Bd2 h6 23. dxe5 Qe2 24. exf6 Bd3 25. Qg3+ Kh7 26. h3 Bg6 27. Bc3 Qd1+ 28. Kh2 d4 29. Bxd4 Rg8 30. fxg7 Bd6 31. Qxd6 Rxc8 32. g8Q+ 1-0